01831cam a2200289Ia 4500020001800000020001500018040000800033082002600041245007700067246003200144246004800176260007600224300007500300490002900375500002500404500015100429500004900580520067000629650001601299650001601315650001601331650002801347700002401375700002001399710006101419710006101480 a9789251056004 a9251056005 cFQG a363 FOO 2006 A016 Or.04aThe State of food and agriculture, 2006 :bfood aid for food security? /10aFood aid for food security?3 aFAO statistical yearbook 2005-2006 (CD-ROM) aRome :bFood and Agriculture Organization of the United Nations,c2006. axii, 168 p. :bcol. ill., col. maps ;c30 cm. +e1 CD-ROM (3 1/2 in.).1 aFAO agriculture series ; aSubtitle from cover. aIncluded in the back pocket is a mini CD-ROM of the "FAO Statistical Yearbook 2005-2006 Vol. 2/1" in Arabic, Chinese, English, French and Spanish. a"TC/P/A0800E/1/12.06/3800"--P. [4] of cover. aExamines the issues and controversies surrounding international food aid and seeks ways to preserve its humanitarian role while minimizing the possibility of harmful secondary impacts. Food aid has saved millions of lives, yet it is criticized as a donor-driven response that creates dependency on the part of recipients and undermines local agricultural producers and traders upon whom sustainable food security depends. The economic evidence regarding these issues is surprisingly thin, but it confirms that the timing and targeting of food aid are central to achieving immediate food security objectives. Reforms are necessary but should be untertaken carefully. 0aFood relief 0aFood supply 0aAgriculture 0aHumanitarian assistance1 aPingali, Prabhu L.,1 aRaney, Terri L.2 aFood and Agriculture Organization of the United Nations.2 aFood and Agriculture Organization of the United Nations.